| 000 | 00449nam a22001817a 4500 | ||
|---|---|---|---|
| 003 | MPLRDC | ||
| 005 | 20220104182340.0 | ||
| 008 | 210129b ||||| |||| 00| 0 eng d | ||
| 020 | _a7-80073-436-6 | ||
| 082 | _a177.2 HAR | ||
| 100 | _aRUBIN HARRIET | ||
| 245 |
_a单飞 _c庄安祺译 |
||
| 250 | _a一版一刷 | ||
| 260 |
_a中国 _b中信出版社 _c2002 |
||
| 300 | _b平 | ||
| 650 | _a应用心理学--成功法 | ||
| 942 |
_cBK _o177.2 HAR |
||
| 999 |
_c61916 _d61906 |
||